|
|
|
|
| LEADER |
00000nam0a2200000 4500 |
| 001 |
17206 |
| 005 |
20260128160356.0 |
| 010 |
|
|
|a 5250014739
|
| 035 |
|
|
|a (RuTPU)RU\TPU\book\17338
|
| 035 |
|
|
|a BOOK00000069
|
| 090 |
|
|
|a 17206
|
| 100 |
|
|
|a 20011209d1991 m y0rusy50 ca
|
| 101 |
0 |
|
|a rus
|
| 102 |
|
|
|a RU
|
| 105 |
|
|
|a y z 001zd
|
| 200 |
1 |
|
|a Воспоминания
|f П. Н. Милюков
|
| 210 |
|
|
|a Москва
|c Политиздат
|d 1991
|
| 215 |
|
|
|a 527 с.
|
| 320 |
|
|
|a Указ. имен: с. 518-526.
|
| 600 |
|
1 |
|a Милюков
|g Павел Николаевич
|b П. Н.
|c российский политический деятель
|c публицист
|c историк
|f 1859-1943
|2 stltpui
|3 (RuTPU)RU\TPU\pers\1147
|
| 600 |
|
1 |
|a Витте
|g Сергей Юльевич
|c граф
|c российский государственный деятель
|f 1849-1915
|b С. Ю.
|2 stltpui
|3 (RuTPU)RU\TPU\pers\550
|
| 600 |
|
1 |
|a Столыпин
|b П. А.
|c российский государственный деятель
|f 1862-1911
|g Петр Аркадьевич
|2 stltpui
|3 (RuTPU)RU\TPU\pers\1146
|9 518
|
| 600 |
|
1 |
|a Коковцов
|b В. Н.
|c российский государственный деятель
|c граф
|f 1853-1943
|g Владимир Николаевич
|2 stltpush
|3 (RuTPU)RU\TPU\pers\12833
|9 3674
|
| 600 |
|
1 |
|2 stltpush
|3 (RuTPU)RU\TPU\pers\9341
|a Струве
|b П. Б.
|c российский политический деятель
|c философ
|c экономист
|c историк
|c публицист
|f 1870-1944
|g Петр Бернгардович
|9 1882
|
| 606 |
|
|
|a Россия
|x История
|z 1855-1917
|9 81912
|
| 610 |
1 |
|
|a 19 век
|
| 610 |
1 |
|
|a 20 век
|
| 610 |
1 |
|
|a политические партии
|
| 610 |
1 |
|
|a кадеты
|
| 610 |
1 |
|
|a Государственные Думы
|
| 610 |
1 |
|
|a Временное правительство
|
| 686 |
|
|
|a Т3(2)522/53
|2 rubbk
|
| 700 |
|
1 |
|a Милюков
|b П. Н.
|c российский политический деятель
|c публицист
|c историк
|f 1859-1943
|g Павел Николаевич
|3 (RuTPU)RU\TPU\pers\1147
|9 519
|
| 801 |
|
0 |
|a RU
|b 63413507
|c 20011209
|g PSBO
|
| 801 |
|
2 |
|a RU
|b 63413507
|c 20121115
|g PSBO
|
| 942 |
|
|
|c BK
|